000 00547nam a2200181Ia 4500
008 090123s9999 xx 000 0 und d
082 _b3616
100 _aबर्वे अच्युत
245 _aकेवड्याती पात
250 _a1
260 _bमनोरंजन
_c1974
300 _a152
600 _aबर्वे अच्युत
630 _aकेवड्याती पात
700 _aबर्वे अच्युत
730 _aकेवड्याती पात
942 _cBOOK
999 _c41696
_d41696